000 00646nam a22002057a 4500
005 20250929111218.0
010 _aENG-146879
020 _a9789369585717
_c399.00
035 _aEN-130411
037 _bDBAD
082 _22
_a000
100 _aAnil Keshri
_985251
245 _aLucid General Knowledge 2025-2026/
_cAnil Keshri
250 _a2
260 _aUttar Pradesh
_bS. Chand Publishing
_c2025
270 _aD-92, Sector-2, Noida
_bUttar Pradesh
_e201301
_k61-120-4682700
300 _a458p.
_c27cm(pb)
500 _a NCERT with Important Facts | Maps & Images | 3 New Chapters Added
942 _2ddc
_cEN
_mKES
_h000
999 _c213487
_d213487